LDR 00939naa#a2200193#i#450# 001 RU\\bibl\121278 005 20260502052241.6 011 ## _a1994-4683 100 ## _a20230803b2023####ek#y0rusy0150####ca 102 ## _aRU 200 1# _aСТРУКТУРА И СОДЕРЖАНИЕ КУРСА ПО АКТЕРСКОМУ МАСТЕРСТВУ ДЛЯ ФИГУРИСТОВ УЧЕБНО-ТРЕНИРОВОЧНОГО ЭТАПА _eЖурнальная статья 210 1# _aМосква _cНациональный государственный Университет физической культуры, спорта и здоровья им. П.Ф. Лесгафта _d2023 215 ## _a4 с. 608 ## _aЖурнальная статья _2local 675 ## _aФигурное катание на коньках. 796.912 _z 700 #1 _aЖгун _gЕ В 700 #1 _aИванова _gМ 700 #1 _aКузнецова _gЛ В 856 4# _auchzapiski.lesgaft.spb.ru _u